Robust regression and outlier detection
Spremljeno u:
| Glavni autori: | , |
|---|---|
| Format: | Knjiga |
| Jezik: | engleski |
| Izdano: |
Nueva York
John Wiley
1987
|
| Serija: | Wiley series in probability and mathematical statistics
|
| Teme: | |
| Oznake: |
Dodaj oznaku
Bez oznaka, Budi prvi tko označuje ovaj zapis!
|
MARC
| LEADER | 00000nam a2200000 a 4500 | ||
|---|---|---|---|
| 001 | UCW1412 | ||
| 003 | CL-VaPUC | ||
| 008 | 920622e19870000US |||||||||||||||||eng|d | ||
| 082 | 0 | 4 | |a 519.536 |b ROU |2 21 |
| 100 | 0 | |a Rousseeuw, Peter J |e author |9 305355 | |
| 700 | 0 | |a Leroy, Annick M |e author |9 305356 | |
| 245 | 1 | 0 | |a Robust regression and outlier detection |
| 300 | |a 329 p | ||
| 942 | |c BK | ||
| 945 | |d 19920622 00:00:00 | ||
| 260 | |a Nueva York |b John Wiley |c 1987 | ||
| 650 | 0 | |a Análisis de regresión |9 263763 | |
| 650 | 7 | |a MINIMOS CUADRADOS |2 CL-VaPUC |9 270324 | |
| 583 | |a last modification |c 19920622 00:00:00 |k Rodrigo Vera | ||
| 490 | 0 | |a Wiley series in probability and mathematical statistics | |
| 999 | |c 216302 |d 216300 | ||
| 952 | |0 0 |1 0 |4 0 |6 519_536000000000000_ROU_1987 |7 0 |8 A |9 201907 |a BIBGIM |b BIBGIM |d 2019-11-14 |i 3743381 |o 519.536 ROU 1987 |p 3743381 |r 2025-01-15 |w 2019-11-14 |y BK |k EST | ||